000 00550nam a2200205Ia 4500
005 20250326140534.0
008 250326s9999 xx 000 0 und d
020 _a7494 3331 0
037 _aTextbook
040 _aFMSL
_beng
_cFMSL
041 _aeng
_2eng
084 _aX:9 P0
_qFMSL
100 _aArmstrong M
_9735375
245 0 _aStrategic human resource management:guide to action
_cArmstrong M
250 _a2
260 _aLondon
_bLondon, Kogan
_c2000
300 _a276p
942 _cTB
_hX:9 P0
999 _c1286223
_d1286223